LEADER 01255nam a2200277 u 4500 001 000000025296 003 CaOOAMICUS 005 20150429150205.0 008 950708s1969 pl u000 u pol u 035 $a10649647 040 $aPUL$bita 100 1 $aSobánski, Remigiusz,$csac.$0(OLS)http://pul/name/21005 245 10$aNormy ogólne Kodeksu prawa kanonicznego. 260 $aWarszawa :$bAkademia Teologii Katolickiej,$c1969. 300 $a135 p. ;$c24 cm 490 1 $aZarys prawa kanonicznego.$aT. 1, Zrodla, zasady ogolne ;$vTom I, Zsezyt 3 500 $aDattiloscritto riprodotto in offset. 504 $a"Bibliografia": p. [15]-17. 630 04$aCodex iuris canonici.$nCanones 1-86,$pNormae generales.$0(OLS)http://pul/subject/14986 830 0$aZarys prawa kanonicznego.$nT. 1,$pZrodla, zasady ogolne ;$vTom I, Zsezyt 3.$0(OLS)http://pul/title/34874 850 $aPUL 852 $aPUL$W1$xDP2 Diritto Canonico 1$y64$m163 E 27.1.3$j165112$nBK-PRI$qStampati$B35401$CPULBib$Z2$F35401 $H327 $81 941 1 $a8 961 $aINV: 327 996 $6245$aNormy ogólne Kodeksu prawa kanonicznego$9(OLS)http://pul/title/34873 996 $6260$aWarszawa :$bAkademia Teologii Katolickiej$9(OLS)http://pul/publisher/48763 LEADER 01094nam a2200265 u 4500 001 000000059249 003 CaOOAMICUS 005 20070226120759.0 008 010625s1927 it u000 u ita u 035 $a10894002 040 $aPUL(R)$bita 100 1 $aCroce, Benedetto,$d1866-1952.$0(OLS)http://pul/name/495 245 10$aMaterialismo storico ed economia marxistica /$cBenedetto Croce. 250 $a5. ed. riveduta. 260 $aBari :$bLaterza,$c1927. 300 $axv, 276 p. ;$c22 cm 490 1 $aSaggi filosofici ;$v4 650 4$aMaterialismo storico.$0(OLS)http://pul/subject/7205 650 4$aMarxismo$xEconomia.$0(OLS)http://pul/subject/9182 830 0$aSaggi filosofici (Laterza) ;$v4.$0(OLS)http://pul/title/608 850 $aPUL 852 $aPUL$W1$xSL Filosofia 2$y80$mPhil D4 24.8$j77280$nBK-PRI$b $qStampati altre collocazioni$B77280$CPULBib$Z2$F77280 $H $81 941 1 $a10 996 $6245$aMaterialismo storico ed economia marxistica$9(OLS)http://pul/title/79353 996 $6260$aBari :$bLaterza$9(OLS)http://pul/publisher/47895